Chances and threats in the process of crisis management in the company
Na minha lista:
| Autor principal: | |
|---|---|
| Outros Autores: | , |
| Formato: | Capítulo de Livro |
| Idioma: | inglês |
| Assuntos: | |
| Tags: |
Sem tags, seja o primeiro a adicionar uma tag!
|
MARC
| LEADER | 00000naa$a2200000$$$4500 | ||
|---|---|---|---|
| 001 | 0015079 | ||
| 005 | 20221207104907.5 | ||
| 041 | 0 | |a eng | |
| 044 | |a SK | ||
| 245 | 1 | 0 | |a Chances and threats in the process of crisis management in the company |c aut. Dariusz Tworzydlo, Jaroslaw Świda, Tomasz Soliński |
| 610 | 2 | 0 | |a manažment krízový |
| 610 | 2 | 0 | |a firmy |
| 610 | 2 | 0 | |a riziko |
| 610 | 2 | 0 | |a médiá |
| 610 | 2 | 0 | |a práca s verejnosťou |
| 100 | 1 | |a Tworzydlo, Dariusz | |
| 700 | 1 | |a Świda, Jaroslaw | |
| 700 | 1 | |a Soliński, Tomasz | |